000 00800nam a22002297a 4500
005 20230216103855.0
008 230216s2012 nyua|||gr|||| 00| 0 eng d
020 _a9781847973726
040 _aCO-BoUCM
_bspa
_cDeissy Garcia
_dDeissy Garcia
041 0 _aeng
100 1 _9176794
_aBicât, Tina
245 1 0 _aCostume and design for devised and physical theatre
_cTina Bicât
260 _aNueva York
_bCrowood
_c2012
300 _a128 páginas
_bilustraciones
504 _aIncluye referencias bibliográficas e índices
650 7 _aDiseño de vestuario
_9176795
650 7 _aVestuario en el arte
_xDiseño
_9176796
650 7 _aVestuario teatral
_9101372
650 7 _99550
_aArtes escénicas
942 _2DEWEY
_cLIBRO
_a17
_e1
_h792.026
_mB583c
_n0
999 _c322262
_d322262